| 000 | 00576nam a22001817a 4500 | ||
|---|---|---|---|
| 999 |
_c16780 _d16780 |
||
| 008 | 220404b ||||| |||| 00| 0 eng d | ||
| 020 | _a9780367727147 | ||
| 082 |
_22020 _aDC 344.0446 _bSe31 |
||
| 100 |
_aSeear, Kate, author _944873 |
||
| 245 |
_aLaw, drugs and the making of addiction: _bjust habits/ _cKate Seear |
||
| 260 |
_aNew York: _bRoutledge, _c2019. |
||
| 300 |
_ax, 182 pages; _c23 cm. |
||
| 500 | _aIncludes index. | ||
| 650 |
_aDrugs of abuse--Law and legislation _944874 |
||
| 650 |
_aDrug addiction _918523 |
||
| 650 |
_aNarcotic laws _944875 |
||
| 942 |
_2ddc _cDC |
||